Historia del trabajo social/ (Registro nro. 8564)

Detalles MARC
000 -LEADER
fixed length control field 00733nam a2200205Ia 4500
005 - FECHA Y HORA DE LA ÚLTIMA TRANSACCIÓN
control field 20241129160707.0
008 - FIXED-LENGTH DATA ELEMENTS--GENERAL INFORMATION
fixed length control field 230712s9999 xx 000 0 und d
020 ## - INTERNATIONAL STANDARD BOOK NUMBER
International Standard Book Number 987-00-0562-4
040 ## - CATALOGING SOURCE
Original cataloging agency UPAN
Transcribing agency Biblioteca San Vicente
Description conventions RCAA2
041 ## - LANGUAGE CODE
Language code of text/sound track or separate title spa
082 ## - DEWEY DECIMAL CLASSIFICATION NUMBER
Classification number 361
Item number T677h
año de publicación 2006
100 ## - MAIN ENTRY--PERSONAL NAME
Personal name Torres Diaz, Jorge H.
Relator code aut.
245 #0 - TITLE STATEMENT
Title Historia del trabajo social/
250 ## - EDITION STATEMENT
Edition statement 1° ed.
260 ## - PUBLICATION, DISTRIBUTION, ETC. (IMPRINT)
Place of publication, distribution, etc Buenos Aires:
Name of publisher, distributor, etc Lumen,
Date of publication, distribution, etc 2006
300 ## - PHYSICAL DESCRIPTION
Extent 272 p.;
Dimensions 22 cm.
505 ## - FORMATTED CONTENTS NOTE
Formatted contents note Primera Parte: <br/>Prehistoria del trabajo social, <br/>Segunda Parte:<br/>Origen y desarrollo del trabajo social.<br/>Tercera Parte:<br/>Características y tendencias del trabajo social.
650 ## - SUBJECT ADDED ENTRY--TOPICAL TERM
Source of heading or term LEMB
Topical term or geographic name as entry element Historia
General subdivision Trabajo Social
Geographic subdivision Argentina
942 ## - ADDED ENTRY ELEMENTS (KOHA)
Koha item type Libros
Source of classification or shelving scheme Dewey Decimal Classification
Existencias
Withdrawn status Lost status Source of classification or shelving scheme Damaged status Not for loan Collection code Home library Current library Date acquired Total Checkouts Full call number Barcode Date last seen Copy number Price effective from Koha item type
    Dewey Decimal Classification     Colección General Biblioteca UPAN San Vicente Biblioteca UPAN San Vicente 12/07/2023   361 T677h 12003355 12/07/2023 01 12/07/2023 Libros
    Dewey Decimal Classification     Colección General Biblioteca UPAN San Vicente Biblioteca UPAN San Vicente 13/07/2023   361 T677h 12003354 13/07/2023 02 13/07/2023 Libros
    Dewey Decimal Classification     Colección General Biblioteca UPAN San Vicente Biblioteca UPAN San Vicente 13/07/2023   361 T677h 12003353 13/07/2023 03 13/07/2023 Libros